000 00270nam a22001217a 4500
008 170511b xxu||||| |||| 00| 0 eng d
041 _aeng
080 _a34
100 _a15
101 _aSHJ
245 _aLEGAL PROBLEMS SOLVER LAW
_cDOBELIS.I.N
942 _2udc
_cBK
999 _c13108
_d13108